000 02996nab a2200265 i 4500
003 BR-BrBNA
005 20241217132327.0
008 241217b2012 bl.qr|pooa||| 00| 0 por |
040 _aBR-BrBNA
_bpor
072 _aF70
100 _aMeyer, Fabrício Schmitz
100 _aGoldenberg, Renato
245 _aAciotis, Acisanthera, Marcetia, Microlepis, Pterolepis e Siphanthera (Melastomataceae, Melastomeae) no Estado do Paraná, Brasil
500 _aPublicação on-line; 28 ref.; 3 illus.; Summaries (En, Pt)
520 _a Resumo Os gêneros Aciotis D.Don, Acisanthera P. Browne, Marcetia DC., Microlepis (DC.) Miq., Pterolepis (DC.) Miq., Siphanthera Pohl ex DC., além de Tibouchina Aubl., são os representantes da tribo Melastomeae no estado do Paraná. À exceção do último, cada um apresenta apenas uma espécie no estado, respectivamente: Aciotis paludosa (Mart. ex DC.) Triana, Acisanthera variabilis (DC.) Triana, Marcetia taxifolia (A.St.-Hil.) DC., Microlepis oleifolia (DC.) Triana, Pterolepis glomerata (Rottb.) Miq. e Siphanthera cordata Pohl ex DC. Os registros de Microlepis e Siphanthera são os primeiros para estes gêneros no Paraná e região Sul. Neste trabalho foi elaborado um tratamento taxonômico para as espécies de Melastomeae no Estado, exceto para Tibouchina. São fornecidas chave de identificação, descrições dos gêneros e espécies, comentários taxonômicos, ilustrações, informações sobre distribuição geográfica e listagens de materiais examinados. Palavras-chave: Melastomataceae, Melastomeae, taxonomia.
520 _a Abstract The genera Aciotis D.Don, Acisanthera P. Browne, Marcetia DC., Microlepis (DC.) Miq., Pterolepis (DC.) Miq., Siphanthera Pohl ex DC., and Tibouchina Aubl. represent the tribe Melastomeae in the state of Paraná. Except for Tibouchina, each has only one species occurring in the state, respectively: Aciotis paludosa (Mart. ex DC.) Triana, Acisanthera variabilis (DC.) Triana, Marcetia taxifolia (A.St.-Hil.) DC., Microlepis oleifolia (DC.) Triana, Pterolepis glomerata (Rottb.) Miq. and Siphanthera cordata Pohl ex DC. Microlepis and Siphanthera are cited for the first time in Paraná and in southern Brazil. In this article we present a taxonomic treatment for the species of tribe Melastomeae in the state, except for those of Tibouchina, with an illustrated identification key, descriptions, information on distribution and taxonomy, and collectors’ lists. Key-words: Melastomataceae, Melastomeae, taxonomy.
650 _aMELASTOMATACEAE
650 _aTAXONOMIA
650 _aCOMPOSIÇÃO BOTÂNICA
650 _aESPÉCIE
773 0 _0709
_9347374
_dRio de Janeiro-RJ Jardim Botanico do Rio de Janeiro 1935
_o2024-8368
_tRodriguésia (Brazil)
_x0370-6583; 2175-7860 on-line
_gv. 63(2) p. 293-303; (2012)
_wBR2024002908
856 _uhttps://www.scielo.br/j/rod/a/bG7kytpgwVkyByhxPZ4c7fJ/?format=pdf&lang=pt
942 _cANA
999 _c329307
_d329307